Neuromarketing Research Using Method of Electroencephalography
Využitie a potenciál metód elektroencefalografie v neuromarketingovom výskume. Výhody a prínosy tejto metódy a predpoklady na jej použitie. Neuromarketingový výskum pomocou technológie EEG. Proces pripojenia zariadení EEG Bitbrain Diadem pre neuromarketing výskumu.
Salvato in:
| Autore principale: | |
|---|---|
| Natura: | Capitolo di libro |
| Lingua: | inglese |
| Soggetti: | |
| Tags: |
Nessun Tag, puoi essere il primo ad aggiungerne!!
|
MARC
| LEADER | 00000naa a2200000 4500 | ||
|---|---|---|---|
| 001 | 0286371 | ||
| 005 | 20240502074416.0 | ||
| 041 | 0 | |a eng | |
| 044 | |a SK | ||
| 245 | 1 | 0 | |a Neuromarketing Research Using Method of Electroencephalography |c Michael Šášky |
| 520 | |a Využitie a potenciál metód elektroencefalografie v neuromarketingovom výskume. Výhody a prínosy tejto metódy a predpoklady na jej použitie. Neuromarketingový výskum pomocou technológie EEG. Proces pripojenia zariadení EEG Bitbrain Diadem pre neuromarketing výskumu. | ||
| 610 | 2 | 0 | |a neuromarketing |
| 610 | 2 | 0 | |a metódy diagnostické |
| 610 | 2 | 0 | |a výskum |
| 100 | 1 | |a Šášky, Michael, 1996- | |